Casa de muñecas

محفوظ في:
التفاصيل البيبلوغرافية
المؤلف الرئيسي: Ibsen, Henrik (مؤلف)
التنسيق: كتاب
اللغة:الإسبانية
منشور في: Buenos Aires Losada 2006
الطبعة:1a. ed
سلاسل:Clásicos Losada, 593
الموضوعات:
الوسوم: إضافة وسم
لا توجد وسوم, كن أول من يضع وسما على هذه التسجيلة!

MARC

LEADER 00000cam a2200000 a 4500
001 UCG9454
003 CL-VaPUC
005 20220705093021.0
008 120316e20060000AG |||||||||||||||||spa|d
999 |c 347006  |d 347004 
020 |a 9500306948 
040 |c Pontificia Universidad Católica de Valparaíso 
082 0 4 |a 839.82  |b IBS  |2 21 
100 |a Ibsen, Henrik  |e author  |9 858009 
245 1 0 |a Casa de muñecas 
250 |a 1a. ed 
260 |a Buenos Aires  |b Losada  |c 2006 
300 |a 176 p 
490 0 |a Clásicos Losada, 593 
583 |a last modification  |c 20120316 11:38:00  |k Rodrigo Vera 
650 7 |a TEATRO NORUEGO  |2 CL-VaPUC  |9 310008 
650 0 |a Dramas noruegos  |9 330527 
852 |a BIBCUR 
942 |c BK  |2 ddc 
945 |d 20120316 00:00:00  |a dcastane